| 000 | 00882cam a2200205 a 4500 | ||
|---|---|---|---|
| 001 | 000001478 | ||
| 005 | 20200929145606.0 | ||
| 008 | 720121s1970 ja 001 0 eng d | ||
| 040 |
_aDO-SdBNP _bspa _dBNPHU |
||
| 082 |
_a895.6 _bT882b |
||
| 100 | 1 |
_aSokichi,Tsuda _d1873-1961. _94884 |
|
| 245 | 1 | 3 |
_aAn inquiry into the Japanese mind as mirrored in literature : _bthe flowering period of common people literature / _cSokichi Tsuda ; traducción, Fukumatsu Matsuda. |
| 260 |
_aTokyo, Japan : _bJapan Society for the Promotion of Science : _bMinistry of education, _c1970. |
||
| 300 |
_a332 p. : _bil., retrs. ; _c25 cm. |
||
| 650 | 4 |
_aLiteratura japonesa _xCrítica e interprestación _94885 |
|
| 710 | 1 |
_aJapan. _bMombusho. _bNihon Yunesuko Konunai Iinkai _94886 |
|
| 700 | 1 |
_aMatsuda, Fukumatsu, _etr. _94887 |
|
| 700 | 1 |
_aComisión Nacional Japonesa para la Unesco, _94888 |
|
| 049 | _aBNGR | ||
| 999 |
_c1386 _d1386 |
||